000 00974nam a2200265 i 4500
001 17433
003 ES-MaACL
005 20250827062542.0
007 t|
008 010305s2000 sp |||| | spa d
020 _a84-7476-309-6
080 _a308(460.189.A.)"18/19"
100 1 _aCabezas Avila, Eduardo.
_933204
245 1 1 _a"Los de siempre"
_b: poder, familia y ciudad (Ávila, 1875-1923) /
_cEduardo Cabezas Ávila.
250 _a1ª ed.
260 _aMadrid :
_bCentro de Investigaciones Sociológicas :
_bSiglo XXI de España,
_c2000.
300 _aXXXIV, 272 p. ;
_c21 cm.
490 1 _aMonografías ;
_v180
651 4 _aÁvila-
_xSituación económica-
_vHistoria.
_9167810
651 4 _aÁvila-
_xSituación social-
_vHistoria.
_9167811
710 2 _aCentro de Investigaciones Sociológicas (España)
_92708
830 0 0 _aMonografías (Centro de Estudios Benaventanos "Ledo del Pozo")
_v180
_9177262
852 _aES-MaACL
_jL-24383
999 _c17433
_d17433